| 000 | 01019nam a2200265 a 4500 | ||
|---|---|---|---|
| 001 | 000012303 | ||
| 005 | 20240530073913.0 | ||
| 008 | 091111s2000 dr 000 f spa d | ||
| 040 |
_aDO-SdBNP _bspa _cBNPHU |
||
| 082 |
_aRD863.44 _bD948d |
||
| 100 | 1 |
_aDurán, Rafael Dario, _d1958- _910151 |
|
| 245 | 1 | 4 |
_aLos demonios no tienen color / _cRafael Dario Durán. |
| 260 |
_aSanto Domingo : _bUniversitaria-UASD, _c2000. |
||
| 300 |
_a200 p. ; _c22 cm. |
||
| 490 | 1 |
_aPublicaciones de la Universidad Autónoma de Santo Domingo _v975 |
|
| 490 | 1 |
_aLiteratura y sociedad _v34 |
|
| 500 | _aIncluye datos biográficos del autor en la solapa de la cubierta. | ||
| 590 | _aInventariado, 2020 /LP | ||
| 650 | 0 |
_aNovela dominicana _9223 |
|
| 650 | 0 |
_aLiteratura dominicana. _967 |
|
| 710 | 1 | 2 |
_aUniversidad Autónoma de Santo Domingo _972951 |
| 830 | 0 |
_aPublicaciones de la Universidad Autónoma de Santo Domingo ; _n975 _928964 |
|
| 830 | 0 |
_aLiteratura y Sociedad ; _nn34 _928965 |
|
| 910 | _aValidado. Control de calidad MFF | ||
| 999 |
_c11960 _d11960 |
||